| 000 | 00582nam a22002291c 4500 | ||
|---|---|---|---|
| 001 | a987675128 | ||
| 008 | 151209s2006 gw a||| 000u rus d | ||
| 020 |
_a5982780251 _9598278-025-1 |
||
| 041 | _arus | ||
| 100 | 1 | _aSedov, Sergej L. | |
| 245 | 0 | 0 |
_a"Milaja moja Resnička!..." : _bpis'ma iz ssylki |
| 264 |
_aSankt-Peterburg : _bMemorial, _c2006 |
||
| 300 | _a254 S. : Ill. | ||
| 600 | 0 | _aSedov, Sergej L. | |
| 650 | 0 | _aVerfolgung | |
| 650 | 0 | _aBriefsammlung | |
| 651 | 0 | _aSowjetunion | |
| 655 | 0 | _aQuelle | |
| 942 | _cMG | ||
| 040 | _cRU-10907106 | ||
| 003 | RU-10907106 | ||
| 999 |
_c19911 _d19911 |
||